[Event "FRA-ch U16 Girls"]
[Site "Le Grand Bornand"]
[Date "2007.04.??"]
[Round "7"]
[White "Martin, Nadine"]
[Black "Cechetto, Lea"]
[Result "1/2-1/2"]
[WhiteElo "1640"]
[BlackElo "1770"]
[PlyCount "76"]
[EventDate "2007.04.07"]
[EventType "swiss"]
[EventRounds "9"]
[EventCountry "FRA"]
[SourceTitle "CBM 118 Extra"]
[Source "ChessBase"]
[SourceDate "2007.07.04"]
[SourceVersion "1"]
[SourceVersionDate "2007.07.04"]
[SourceQuality "1"]

1. e4 e5 2. d4 exd4 3. Nf3 Nc6 4. Bc4 a6 5. 0-0 Bc5 6. c3 dxc3 7. Bxf7+ Kf8 8. Nxc3 d6 9. Bg6 Qf6 10. Bf5 Bxf5 11. exf5 Qxf5 12. Nd5 Qd7 13. Nh4 Nge7 14. Qh5 Nxd5 15. Ng6+ Kg8 16. Qxd5+ Qf7 17. Qxf7+ Kxf7 18. Nxh8+ Rxh8 19. Bf4 g5 20. Bd2 Nd4 21. Kh1 Rf8 22. f3 d5 23. Rad1 c6 24. Be3 Ne6 25. Bxc5 Nxc5 26. Rfe1 Rd8 27. Re3 Rd6 28. Kg1 Kf6 29. Re2 d4 30. Red2 Ne6 31. Kf2 c5 32. b3 b5 33. Rc1 Rd5 34. Kg3 Nf4 35. Kf2 Ne6 36. Kg3 Nf4 37. Kf2 Ne6 38. Kg3 Nf4 1/2-1/2

[Event "FRA-ch U16 Girls"]
[Site "Le Grand Bornand"]
[Date "2007.04.??"]
[Round "6"]
[White "Yuen, Wing Yan"]
[Black "Martin, Nadine"]
[Result "1-0"]
[WhiteElo "1810"]
[BlackElo "1640"]
[PlyCount "71"]
[EventDate "2007.04.07"]
[EventType "swiss"]
[EventRounds "9"]
[EventCountry "FRA"]
[SourceTitle "CBM 118 Extra"]
[Source "ChessBase"]
[SourceDate "2007.07.04"]
[SourceVersion "1"]
[SourceVersionDate "2007.07.04"]
[SourceQuality "1"]

1. e4 c5 2. Nc3 Nc6 3. Bb5 e5 4. d3 Nge7 5. f4 a6 6. Bxc6 Nxc6 7. a4 f6 8. Nf3 Be7 9. Nd5 0-0 10. 0-0 d6 11. c3 Be6 12. Qe1 b5 13. Qg3 Bxd5 14. exd5 Na5 15. axb5 axb5 16. Qh3 Qc7 17. Nh4 Qb7 18. Nf5 Rf7 19. Qg4 Kh8 20. Rf3 Qxd5 21. Rh3 Bf8 22. Qg6 h6 23. b4 cxb4 24. cxb4 Nb3 25. Rxa8 Qxa8 26. Qxf7 Nxc1 27. Re3 Qc8 28. g4 Kh7 29. Nxh6 Ne2+ 30. Rxe2 Qc1+ 31. Kg2 Qxf4 32. Qxf8 Qxh6 33. Qxd6 Qf4 34. h3 Qg5 35. Qd5 Qg6 36. Qe4 1-0

[Event "France-ch U12 Girls"]
[Site "Reims"]
[Date "2004.04.19"]
[Round "2"]
[White "Martin, Nadine"]
[Black "Auffret, Gaelle"]
[Result "0-1"]
[WhiteElo "1580"]
[BlackElo "1420"]
[PlyCount "134"]
[EventDate "2004.04.??"]
[EventType "swiss"]
[EventRounds "9"]
[EventCountry "FRA"]
[SourceTitle "EXT 2005"]
[Source "ChessBase"]
[SourceDate "2004.11.15"]
[SourceVersion "1"]
[SourceVersionDate "2004.11.15"]
[SourceQuality "1"]

1. e4 d5 2. exd5 Qxd5 3. Nc3 Qa5 4. d4 c6 5. Nf3 Bg4 6. h3 Qh5 7. Be2 Nf6 8. Ne5 Bxe2 9. Qxe2 Qxe2+ 10. Kxe2 Nbd7 11. Re1 Nxe5 12. dxe5 Nd5 13. Nxd5 cxd5 14. f4 e6 15. g4 g6 16. Be3 Rc8 17. c3 Bc5 18. Kf3 h5 19. g5 Ke7 20. Red1 b5 21. a3 a5 22. Rd3 b4 23. Bxc5+ Rxc5 24. axb4 axb4 25. cxb4 Rc4 26. Rb3 Rb8 27. b5 Rc7 28. Ra2 Rcb7 29. Ra5 Kd7 30. Ke3 Kc7 31. Kd4 Rb6 32. Ra7+ R8b7 33. Rxb7+ Rxb7 34. Kc5 Rb6 35. Ra3 Kb7 36. Ra5 h4 37. b3 Kc7 38. Ra7+ Rb7 39. b6+ Kb8 40. Ra4 Rd7 41. Rd4 Kb7 42. Kb5 Rd8 43. Kc5 Rc8+ 44. Kb4 Kxb6 45. Rd2 Rc5 46. Ka4 Rc3 47. Rd4 Kc5 48. Rb4 Rxh3 49. Rb7 Rf3 50. Rxf7 h3 51. b4+ Kb6 52. Rh7 d4 53. f5 Rxf5 54. Rxh3 Rxe5 55. Rf3 Re3 56. Rf1 d3 57. Rd1 e5 58. Kb3 e4 59. Kc3 Rg3 60. Re1 Rg4 61. Kd4 Kb5 62. Kc3 d2 63. Rd1 e3 64. Rh1 Rc4+ 65. Kd3 Rc1 66. Kxe3 Rxh1 67. Kxd2 Rg1 0-1

[Event "FRA-ch U12 Girls"]
[Site "Le Grand Bornand"]
[Date "2003.??.??"]
[Round "3.9"]
[White "Armas, Lara Maria"]
[Black "Martin, Nadine"]
[Result "0-1"]
[WhiteElo "1350"]
[BlackElo "1590"]
[PlyCount "66"]
[EventDate "2003.??.??"]
[EventType "swiss"]
[EventRounds "9"]
[EventCountry "FRA"]
[SourceTitle "EXT 2004"]
[Source "ChessBase"]
[SourceDate "2003.11.25"]
[SourceVersion "1"]
[SourceVersionDate "2003.11.25"]
[SourceQuality "1"]

1. d4 Nf6 2. c4 e5 3. dxe5 Ne4 4. Nf3 d6 5. exd6 Bxd6 6. e3 Nc6 7. Bd3 Bb4+ 8. Ke2 f5 9. a3 Be7 10. Nbd2 Nc5 11. Bb1 0-0 12. b4 Ne6 13. Re1 f4 14. Kf1 Bh4 15. Qc2 g6 16. Bb2 fxe3 17. Rxe3 Bf6 18. Ba2 Qd6 19. c5 Qf4 20. Bxe6+ Bxe6 21. Rxe6 Bxb2 22. Qxb2 g5 23. Qb3 Nd4 24. Re4+ Nxb3 25. Rxf4 Nxa1 26. Rc4 Rad8 27. h3 Rd3 28. a4 Nb3 29. Ne4 h6 30. Ke2 Rd5 31. Nc3 Rd7 32. Re4 Nc1+ 33. Ke3 Rd3# 0-1